Theory and methods in social research / (Record no. 74015)

MARC details
000 -LEADER
fixed length control field 00932nam a22002657a 4500
005 - DATE AND TIME OF LATEST TRANSACTION
control field 20130328120848.0
008 - FIXED-LENGTH DATA ELEMENTS--GENERAL INFORMATION
fixed length control field 130328b xxu||||| |||| 00| 0 eng d
010 ## - LCCN (DPL NO)
LC control number ENG-106748
020 ## - INTERNATIONAL STANDARD BOOK NUMBER
International Standard Book Number 9788132110002
Terms of availability 550.00
035 ## - SYSTEM CONTROL NUMBER
System control number EN-90281
037 ## - SOURCE OF ACQUISITION
Source of stock number/acquisition DBAD/PUB
040 ## - CATALOGING SOURCE
Original cataloging agency DPL
Language of cataloging Eng
082 04 - DEWEY DECIMAL CLASSIFICATION NUMBER
Classification number 300.72
Edition number 22
245 00 - TITLE STATEMENT
Title Theory and methods in social research /
Statement of responsibility, etc edited by Bridget Somekh [and] Cathy Lewin
250 ## - EDITION STATEMENT
Edition statement 2nd ed
260 ## - PUBLICATION, DISTRIBUTION, ETC. (IMPRINT)
Place of publication, distribution, etc New Delhi
Name of publisher, distributor, etc Sage Publications
Date of publication, distribution, etc 2012
270 ## - ADDRESS
Address B1/I-1 Mohan Cooperative Industrial Area Mathura Road
City New Delhi
Postal code 110044
300 ## - PHYSICAL DESCRIPTION
Extent xxiii, 344 p. :
Other physical details ill.
Dimensions 24cm(pbk)
500 ## - GENERAL NOTE
General note Previous ed.: Research methods in the social sciences, 2005.
500 ## - GENERAL NOTE
General note Includes bibliographical references and index.
650 #0 - SUBJECT ADDED ENTRY--TOPICAL TERM
Topical term or geographic name as entry element Social sciences
General subdivision Research
-- Methodology.
700 1# - ADDED ENTRY--PERSONAL NAME
Personal name Somekh, Bridget
700 1# - ADDED ENTRY--PERSONAL NAME
Personal name Lewin, Cathy
942 ## - ADDED ENTRY ELEMENTS (KOHA)
Source of classification or shelving scheme Dewey Decimal Classification
Item type English Books
Classification part 300.72
Call number suffix THE
Holdings
Withdrawn status Lost status Source of classification or shelving scheme Damaged status Not for loan Collection code Home library Current library Date acquired Source of acquisition Cost, normal purchase price Total Checkouts Full call number Barcode Date last seen Copy number Cost, replacement price Koha item type
    Dewey Decimal Classification   Not For Loan Non-fiction D.B.Act.Division D.B.Act.Division 28/03/2013 DBAD/PUB 550.00   300.72 THE EN-90281 28/03/2013 1 550.00 English Books

© Delhi Public Library
Hit Counter
free hit counter